[Event "XL Mar del Plata International open"]
[Site "?"]
[Date "2009.04.05"]
[Round "1"]
[White "Alonso, Salvador"]
[Black "Ortíz, Jorge"]
[Result "1-0"]
[WhiteElo "2489"]
[BlackElo "1920"]
[Annotator ",jmacosta"]
[PlyCount "105"]
[EventDate "2009.04.06"]
[SourceDate "2009.04.06"]

1. e4 e5 2. Nf3 Nc6 3. Bb5 a6 4. Ba4 Nf6 5. O-O Be7 6. Re1 b5 7. Bb3 O-O 8. h3
d6 9. c3 Na5 10. Bc2 c5 11. d4 Nd7 12. Nbd2 Nc6 13. d5 Ncb8 14. a4 Nb6 15. a5
N6d7 16. b4 c4 17. Nf1 Nf6 18. Ng3 Ne8 19. Be3 Bd7 20. Qd2 Qc8 21. Nh2 Qd8 22.
Rf1 g5 23. Ng4 Bxg4 24. hxg4 Ng7 25. f3 f6 26. Kf2 Kf7 27. Rh1 Rh8 28. Rh6 Nd7
29. Rah1 Qg8 (29... Kg8) 30. Ke1 Rb8 31. Nf1 Nf8 32. g3 Ng6 33. Qh2 Re8 34. Bd2
Rb8 35. Ne3 Bf8 36. Qf2 Rb7 37. R6h3 Be7 38. Bd1 Bd8 39. Nf5 Nxf5 40. gxf5 Nf8
41. f4 exf4 42. gxf4 Ke8 43. fxg5 fxg5 44. Rh6 Re7 (44... Rd7 45. Bh5+ Ke7) 45.
Bh5+ Kd7 46. Qa7+ Bc7 47. Qb7 Rxe4+ 48. Kd1 Qg7 49. Bf3 Rh4 50. R6xh4 gxh4 51.
Re1 Qf7 52. Qc6+ Kc8 53. Bg5 1-0

[Event "XL Mar del Plata International open"]
[Site "?"]
[Date "2009.04.05"]
[Round "1"]
[White "Flores, Nancy"]
[Black "Pierrot, Facundo"]
[Result "0-1"]
[WhiteElo "1913"]
[BlackElo "2422"]
[PlyCount "134"]
[EventDate "2009.04.06"]
[SourceDate "2009.04.06"]

1. Nf3 c5 2. g3 g6 3. Bg2 Bg7 4. e4 Nc6 5. O-O d6 6. c3 e5 7. d3 Nge7 8. Be3
O-O 9. Nbd2 h6 10. Ne1 Be6 11. f4 Qd7 12. Ndf3 exf4 13. Bxf4 d5 14. Qe2 dxe4
15. dxe4 Rad8 16. h4 b6 17. Qe3 Kh7 18. Rf2 Bg4 19. Rd2 Qe6 20. Nd3 Na5 21.
Rdd1 Nc4 22. Qe2 Nd5 23. Re1 Nf6 24. Bc7 Rxd3 25. Qxd3 Nxb2 26. Qc2 Nc4 27.
Rad1 Nh5 28. Rd3 Qe7 29. Bf4 Nxf4 30. gxf4 Bxf3 31. Rxf3 Qxh4 32. Qf2 Qe7 33.
Qe2 Nd6 34. e5 Nf5 35. Bh3 Qe6 36. Rd3 Qc4 37. Qe4 Qxa2 38. Bxf5 gxf5 39. Qxf5+
Kh8 40. Rg3 Qd2 41. Ree3 Qd1+ 42. Kf2 Rd8 43. Re2 Rd2 44. Rge3 Rd8 45. Qxf7 Rf8
46. Qc4 Qh1 47. Rg3 Qh4 48. Kf3 Qh5+ 49. Kg2 Rxf4 50. Qa6 Rf8 51. e6 Qd5+ 52.
Kg1 Be5 53. Qd3 Qxe6 54. Qe4 Re8 55. Rg6 Qh3 56. Reg2 Bh2+ 57. Rxh2 Qxh2+ 58.
Kxh2 Rxe4 59. Rxh6+ Kg7 60. Rd6 Rc4 61. Rd7+ Kf6 62. Rxa7 Rxc3 63. Ra6 Rb3 64.
Kg2 Ke5 65. Kf2 Kd4 66. Ke2 Rb2+ 67. Kd1 b5 0-1

[Event "XL Mar del Plata International open"]
[Site "?"]
[Date "2009.04.05"]
[Round "1"]
[White "Van Riemsdijk, Herman Claudius"]
[Black "León, Mario"]
[Result "1-0"]
[WhiteElo "2375"]
[BlackElo "1909"]
[PlyCount "85"]
[EventDate "2009.??.??"]

1. e4 e5 2. Nf3 Nc6 3. Bb5 Bc5 4. d3 Nge7 5. c3 a6 6. Ba4 O-O 7. Nbd2 d6 8. Nf1
Bg4 9. h3 Bxf3 10. Qxf3 f5 11. Ne3 f4 12. Ng4 b5 13. Bb3+ Kh8 14. h4 h5 15. Nh2
Qe8 16. Qh3 Ng8 17. Be6 Nd8 18. Bd7 Qe7 19. Nf3 Nf6 20. Bf5 Qe8 21. Ng5 g6 22.
Be6 Ba7 23. f3 c6 24. Bb3 d5 25. g3 fxg3 26. Qxg3 dxe4 27. dxe4 c5 28. Bd2 c4
29. Bc2 Nc6 30. O-O-O a5 31. Qe1 Rb8 32. Be3 b4 33. Ba4 Bxe3+ 34. Qxe3 bxc3 35.
bxc3 Qc8 36. Kc2 Nd8 37. Rb1 Rxb1 38. Rxb1 Ne6 39. Nxe6 Qxe6 40. Qh6+ Kg8 41.
Qxg6+ Kh8 42. Qh6+ Kg8 43. Rg1+ 1-0

[Event "XL Mar del Plata International open"]
[Site "?"]
[Date "2009.04.05"]
[Round "1"]
[White "Navarro, Karina"]
[Black "Duarte, Leonardo"]
[Result "0-1"]
[WhiteElo "1889"]
[BlackElo "2349"]
[PlyCount "88"]
[EventDate "2009.??.??"]

1. e4 c5 2. Nf3 e6 3. d4 cxd4 4. Nxd4 Nc6 5. Be2 Qc7 6. O-O a6 7. Be3 Nf6 8.
Nd2 d5 9. Bf3 e5 10. Nxc6 bxc6 11. c3 Be7 12. Re1 O-O 13. Qc2 Be6 14. Nb3 Nd7
15. Rad1 dxe4 16. Bxe4 f5 17. Bd3 a5 18. f3 c5 19. c4 Nb8 20. Nc1 Nc6 21. a3
Nd4 22. Qb1 Bd6 23. h3 Rab8 24. Ne2 Bd7 25. Nc3 Qb7 26. Bxd4 exd4 27. Nb5 Qb6
28. Nxd6 Qxd6 29. Qc2 g6 30. Re2 Rfe8 31. Rde1 Qf4 32. Rxe8+ Rxe8 33. Rxe8+
Bxe8 34. Qe2 Kf7 35. Kf2 Qc1 36. Qc2 Qe3+ 37. Kf1 Kf6 38. Qd1 Bc6 39. Qe2 g5
40. Qc2 Bd7 41. Qe2 h5 42. Qc2 h4 43. Be2 Ke5 44. Qd1 Kf4 0-1

[Event "XL Mar del Plata International open"]
[Site "?"]
[Date "2009.04.05"]
[Round "1"]
[White "De Dovittis, Alejo"]
[Black "Navarro, Alberto"]
[Result "1-0"]
[WhiteElo "2346"]
[BlackElo "1884"]
[PlyCount "43"]
[EventDate "2009.??.??"]
[SourceDate "2009.04.06"]

1. e4 e5 2. Bc4 Nf6 3. d3 Be7 4. Nc3 Nc6 5. f4 d6 6. Nf3 Bg4 7. Be3 exf4 8.
Bxf4 Ne5 9. Bxe5 dxe5 10. Bxf7+ Kf8 11. Bb3 Qd7 12. Nxe5 Qc8 13. Nxg4 Nxg4 14.
O-O+ Ke8 15. Bf7+ Kd8 16. Rf4 Ne5 17. d4 Nc6 18. d5 Ne5 19. Be6 Qb8 20. Qh5 c6
21. dxc6 Nxc6 22. Rd1+ 1-0

[Event "XL Mar del Plata International open"]
[Site "?"]
[Date "2009.04.05"]
[Round "1"]
[White "Novoa, Fernando"]
[Black "Cejas, Jose Angel"]
[Result "0-1"]
[WhiteElo "1806"]
[BlackElo "2336"]
[PlyCount "142"]
[EventDate "2009.??.??"]
[SourceDate "2009.04.06"]

1. d4 d5 2. c4 Bf5 3. Nc3 e6 4. cxd5 exd5 5. Qb3 Nc6 6. e3 Nb4 7. e4 dxe4 8.
Be3 Nf6 9. a3 Nd3+ 10. Bxd3 exd3 11. Qb5+ Bd7 12. Qxd3 Bc6 13. f3 Bd6 14. Nge2
O-O 15. O-O Re8 16. Bg5 Be7 17. Rad1 h6 18. Bh4 Nd5 19. Bxe7 Qxe7 20. Nxd5 Bxd5
21. Nc3 Qd7 22. Nxd5 Qxd5 23. Rc1 c6 24. Qc4 Rad8 25. Rfd1 Qxc4 26. Rxc4 Re2
27. b4 Ra2 28. Rc3 Re8 29. f4 Ree2 30. Rg3 Kf8 31. h3 Rad2 32. Rxd2 Rxd2 33.
Rf3 Rxd4 34. Kf2 Rd2+ 35. Kg3 Ke7 36. Re3+ Kd6 37. Kf3 b6 38. g4 c5 39. bxc5+
bxc5 40. Ke4 c4 41. Rc3 Kc5 42. Ke3 Rd7 43. f5 Re7+ 44. Kd2 Kd4 45. Rf3 f6 46.
Rf4+ Re4 47. Rf3 a5 48. Rg3 a4 49. Rf3 Kc5 50. Rg3 Re7 51. Rf3 Rb7 52. Re3 Kd4
53. Re6 Rb2+ 54. Kc1 Rh2 55. Re7 Kd3 56. Rc7 Rxh3 57. Kb2 Rh2+ 58. Kb1 h5 59.
gxh5 Rxh5 60. Rxg7 Rxf5 61. Rg3+ Ke2 62. Kc2 Rc5 63. Rg6 f5 64. Rf6 c3 65. Ra6
Rc4 66. Rf6 f4 67. Re6+ Kf2 68. Kd3 c2 69. Re2+ Kf3 70. Rxc2 Rxc2 71. Kxc2 Ke2
0-1

[Event "XL Mar del Plata International open"]
[Site "?"]
[Date "2009.04.05"]
[Round "1"]
[White "Mussanti, Diego"]
[Black "Russo, Juan José"]
[Result "1-0"]
[WhiteElo "2327"]
[BlackElo "1806"]
[PlyCount "53"]
[EventDate "2009.??.??"]
[SourceDate "2009.04.06"]

1. e4 c5 2. Nf3 e6 3. d4 cxd4 4. Nxd4 a6 5. Nc3 Qc7 6. Bd3 Nf6 7. O-O b5 8. a3
Bc5 9. Nb3 Bb6 10. Qf3 Nc6 11. Bf4 d6 12. Bxb5 O-O 13. Bd3 Bb7 14. Qh3 Ne5 15.
Bg5 Ned7 16. Kh1 Kh8 17. f4 Ng8 18. Rad1 g6 19. f5 exf5 20. exf5 Ne5 21. f6 Bc8
22. Bh6 Nxf6 23. Qh4 Nfg4 24. Bxf8 Bb7 25. Bh6 f5 26. h3 Nxh6 27. Qxh6 1-0

[Event "XL Mar del Plata International open"]
[Site "?"]
[Date "2009.04.05"]
[Round "1"]
[White "Delbono, Rubén"]
[Black "Moreda, Lucas"]
[Result "0-1"]
[WhiteElo "1754"]
[BlackElo "2322"]
[PlyCount "38"]
[EventDate "2009.??.??"]

1. c4 e5 2. Nc3 f5 3. g3 Nc6 4. Bg2 Nf6 5. e3 e4 6. Nge2 Ne5 7. O-O Nxc4 8. Qb3
d5 9. Nf4 c6 10. Qc2 Bd6 11. b3 Ne5 12. Bb2 O-O 13. Rad1 Qe8 14. d3 Nf3+ 15.
Bxf3 exf3 16. h4 g5 17. hxg5 Bxf4 18. Rd2 Qh5 19. Qd1 Ng4 0-1

[Event "XL Mar del Plata International open"]
[Site "?"]
[Date "2009.04.05"]
[Round "1"]
[White "Cardozo, Teófilo"]
[Black "Calderon Fernandez, Gerbacio"]
[Result "0-1"]
[WhiteElo "1563"]
[BlackElo "2302"]
[PlyCount "46"]
[EventDate "2009.??.??"]
[SourceDate "2009.04.06"]

1. Nf3 d5 2. d4 Nf6 3. g3 c6 4. Bg2 Bf5 5. O-O e6 6. e3 h6 7. Ne5 Nbd7 8. f4
Nxe5 9. fxe5 Ne4 10. Nd2 Nxd2 11. Bxd2 Be7 12. b3 O-O 13. a3 a5 14. Rf2 c5 15.
c4 dxc4 16. Rxf5 exf5 17. d5 Qb6 18. bxc4 Qb2 19. d6 Bg5 20. h4 Bd8 21. e4 Qd4+
22. Kh2 fxe4 23. Qe2 Qxa1 0-1

[Event "XL Mar del Plata International open"]
[Site "?"]
[Date "2009.04.05"]
[Round "1"]
[White "Virgilito, Cristian"]
[Black "Cristobal, Ruben"]
[Result "1-0"]
[WhiteElo "2216"]
[BlackElo "2237"]
[PlyCount "71"]
[EventDate "2009.??.??"]
[SourceDate "2009.04.06"]

1. e4 c5 2. c3 d5 3. exd5 Qxd5 4. d4 Nc6 5. Nf3 Bg4 6. Be2 e6 7. h3 Bh5 8. O-O
Nf6 9. Be3 O-O-O 10. dxc5 Bxc5 11. Qxd5 Rxd5 12. c4 Rf5 13. g4 Bxe3 14. fxe3
Nxg4 15. hxg4 Bxg4 16. Nc3 h5 17. Ne4 Kc7 18. Rad1 h4 19. Nd4 Bxe2 20. Nxe2
Rxf1+ 21. Rxf1 f6 22. Nf4 e5 23. Ne6+ Kb6 24. Rf2 h3 25. Kh2 Rh4 26. Nd6 Nb4
27. Nxg7 Kc5 28. Rxf6 Nxa2 29. Ngf5 Rg4 30. Kxh3 Rg1 31. Re6 b6 32. Rxe5+ Kc6
33. Nb5 a6 34. Nbd4+ Kc7 35. Re7+ Kc8 36. Nd6+ 1-0

[Event "XL Mar del Plata International open"]
[Site "?"]
[Date "2009.04.05"]
[Round "2"]
[White "Escofet, Jaime"]
[Black "Alonso, Salvador"]
[Result "1/2-1/2"]
[WhiteElo "2089"]
[BlackElo "2489"]
[PlyCount "98"]
[EventDate "2009.??.??"]
[SourceDate "2009.04.07"]

1. e4 c5 2. Nf3 Nc6 3. d4 cxd4 4. Nxd4 Nf6 5. Nc3 d6 6. Bg5 e6 7. Bb5 Bd7 8.
Bxc6 bxc6 9. Qf3 e5 10. Nf5 Bxf5 11. Qxf5 Be7 12. O-O h6 13. Bxf6 Bxf6 14. Rad1
Qd7 15. Qf3 O-O 16. Rd3 Be7 17. Ne2 Qe6 18. b3 Rac8 19. c4 a5 20. Qh5 Rfd8 21.
Rfd1 a4 22. h3 axb3 23. axb3 Rd7 24. Ng3 Bf8 25. Qf3 g6 26. h4 h5 27. Nf1 Rb7
28. Nh2 Be7 29. g4 hxg4 30. Nxg4 Kg7 31. h5 Rh8 32. hxg6 fxg6 33. Qg2 Rh4 34.
Rg3 Rb8 35. Ra1 Rbh8 36. Ne3 Kf7 37. Ra7 Qf6 38. Kf1 Rh1+ 39. Ke2 R8h2 40. Rxg6
Rxg2 41. Rxf6+ Kxf6 42. Nxg2 Rb1 43. Rb7 Rb2+ 44. Kf3 Ke6 45. Ne3 Bh4 46. Ng4
Bg5 47. Ne3 Bh4 48. Ng4 Bg5 49. Ne3 Bh4 1/2-1/2

[Event "XL Mar del Plata International open"]
[Site "?"]
[Date "2009.04.05"]
[Round "2"]
[White "Pierrot, Facundo"]
[Black "Ordenes, Sergio"]
[Result "1-0"]
[WhiteElo "2422"]
[BlackElo "2071"]
[PlyCount "70"]
[EventDate "2009.??.??"]
[SourceDate "2009.04.07"]

1. e4 e5 2. Nf3 d6 3. d4 Nf6 4. dxe5 Nxe4 5. Qd5 Nc5 6. Bg5 Qd7 7. Be3 Nc6 8.
exd6 Qxd6 9. Nc3 Ne6 10. O-O-O Qxd5 11. Nxd5 Bd6 12. Nd2 O-O 13. Nc4 Rd8 14.
Nxd6 Rxd6 15. Be2 Kf8 16. f4 f5 17. g4 g6 18. gxf5 gxf5 19. Rhg1 Ne7 20. Nf6
Rxd1+ 21. Kxd1 h6 22. Bh5 Nc6 23. Rg6 Ng7 24. Bf3 Kf7 25. Rxh6 Be6 26. Nh7 Rd8+
27. Kc1 Bd5 28. Ng5+ Kg8 29. Bd1 Re8 30. Bd2 Nd4 31. Bc3 Ne2+ 32. Bxe2 Rxe2 33.
Rg6 Re7 34. h4 c5 35. h5 Kh8 1-0

[Event "XL Mar del Plata International open"]
[Site "?"]
[Date "2009.04.05"]
[Round "2"]
[White "Alcobedo, Damian"]
[Black "Van Riemsdijk, Herman Claudius"]
[Result "0-1"]
[WhiteElo "2079"]
[BlackElo "2375"]
[PlyCount "50"]
[EventDate "2009.??.??"]
[SourceDate "2009.04.07"]

1. e4 e5 2. d4 exd4 3. Qxd4 Nc6 4. Qe3 Nf6 5. Nc3 Bb4 6. Bd2 O-O 7. O-O-O Re8
8. Bc4 a6 9. h3 b5 10. Bd5 Nxd5 11. Nxd5 Bxd2+ 12. Rxd2 Ne5 13. Qg3 c6 14. Ne3
Qa5 15. a3 d5 16. Nf3 Nxf3 17. gxf3 dxe4 18. Rg1 g6 19. h4 b4 20. Nc4 Qc5 21.
Nd6 bxa3 22. bxa3 Qxa3+ 23. Kd1 exf3 24. c3 Qb3+ 25. Kc1 Rb8 0-1

[Event "XL Mar del Plata International open"]
[Site "?"]
[Date "2009.04.05"]
[Round "2"]
[White "Duarte, Leonardo"]
[Black "Fuse, Rafael"]
[Result "1-0"]
[WhiteElo "2349"]
[BlackElo "2067"]
[PlyCount "33"]
[EventDate "2009.??.??"]
[SourceDate "2009.04.07"]

1. e4 c5 2. Nf3 e6 3. d4 cxd4 4. Nxd4 Nf6 5. Nc3 Bb4 6. e5 Ne4 7. Qg4 Qa5 8.
Qxg7 Rf8 9. Bh6 a6 10. Bd3 Nxc3 11. bxc3 Bxc3+ 12. Ke2 Qc5 13. Nf3 Bxa1 14.
Rxa1 Nc6 15. Bxh7 b5 16. Rd1 b4 17. Rd6 1-0

[Event "XL Mar del Plata International open"]
[Site "?"]
[Date "2009.04.05"]
[Round "2"]
[White "Evans, Pablo"]
[Black "De Dovittis, Alejo"]
[Result "0-1"]
[WhiteElo "2069"]
[BlackElo "2346"]
[PlyCount "64"]
[EventDate "2009.??.??"]
[SourceDate "2009.04.07"]

1. e4 e6 2. b3 d5 3. Bb2 Nf6 4. e5 Nfd7 5. f4 c5 6. Nf3 Nc6 7. Bb5 Qb6 8. Bxc6
Qxc6 9. O-O Be7 10. d3 b6 11. Nbd2 Bb7 12. Qe2 Nf8 13. Rae1 Ng6 14. Ng5 Nxf4
15. Rxf4 Bxg5 16. Rf3 Qc7 17. Ref1 Rf8 18. Nb1 d4 19. Na3 Bxf3 20. Qxf3 O-O-O
21. Nb5 Qb7 22. Qg3 Be7 23. c3 Qd7 24. a4 a6 25. Qf3 Qb7 26. Nd6+ Bxd6 27. exd6
Qxf3 28. Rxf3 dxc3 29. Bxc3 f6 30. a5 Rxd6 31. b4 Rfd8 32. axb6 cxb4 0-1

[Event "XL Mar del Plata International open"]
[Site "?"]
[Date "2009.04.05"]
[Round "2"]
[White "Cejas, Jose Angel"]
[Black "Miranda Romo, Daniel"]
[Result "1-0"]
[WhiteElo "2336"]
[BlackElo "2052"]
[PlyCount "35"]
[EventDate "2009.??.??"]
[SourceDate "2009.04.07"]

1. d4 d5 2. Nc3 c6 3. Bg5 Bf5 4. e3 Nd7 5. Nf3 Ngf6 6. Bd3 Bxd3 7. cxd3 h6 8.
Bh4 g5 9. Bg3 Bg7 10. h4 g4 11. Ne5 h5 12. O-O O-O 13. Ne2 Rc8 14. b4 Ne8 15.
Rb1 Nd6 16. Bf4 Kh7 17. Ng3 Nf6 18. f3 1-0

[Event "XL Mar del Plata International open"]
[Site "?"]
[Date "2009.04.05"]
[Round "2"]
[White "Fernandez, Jorge Daniel"]
[Black "Mussanti, Diego"]
[Result "0-1"]
[WhiteElo "2051"]
[BlackElo "2327"]
[PlyCount "44"]
[EventDate "2009.??.??"]
[SourceDate "2009.04.07"]

1. c4 e6 2. Nc3 d5 3. d4 Nf6 4. cxd5 exd5 5. Bg5 Be7 6. Nf3 c6 7. Qc2 O-O 8. e3
Nbd7 9. Bd3 Re8 10. O-O Nf8 11. h3 Be6 12. Ne5 N6d7 13. Bxe7 Rxe7 14. Nxd7 Qxd7
15. b4 Rc8 16. Rfc1 Ng6 17. a4 Nh4 18. Qe2 g6 19. Qf1 Rce8 20. e4 dxe4 21. Nxe4
Qxd4 22. Rc4 Bxc4 0-1

[Event "XL Mar del Plata International open"]
[Site "?"]
[Date "2009.04.05"]
[Round "2"]
[White "Moreda, Lucas"]
[Black "Urresti, Alejandro"]
[Result "1-0"]
[WhiteElo "2322"]
[BlackElo "2044"]
[PlyCount "65"]
[EventDate "2009.??.??"]
[SourceDate "2009.04.07"]

1. e4 c5 2. c3 Nf6 3. e5 Nd5 4. d4 cxd4 5. cxd4 Nc6 6. Nc3 Nxc3 7. bxc3 d6 8.
Nf3 e6 9. exd6 Bxd6 10. Bd3 O-O 11. O-O h6 12. Re1 Qf6 13. Qe2 Ne7 14. Ne5 Nf5
15. Qe4 Bxe5 16. dxe5 Qg6 17. Ba3 Re8 18. Bb5 Rd8 19. Rad1 Rxd1 20. Rxd1 Qg5
21. f4 Qh4 22. Qf3 g5 23. g3 Qh3 24. Rd8+ Kh7 25. Bf1 g4 26. Qf2 Qh5 27. Qc5
Qg6 28. Bd3 b6 29. Qf8 Qg7 30. Rxc8 Qxf8 31. Rxf8 Rxf8 32. Bxf8 Kg8 33. Bxf5
1-0

[Event "XL Mar del Plata International open"]
[Site "?"]
[Date "2009.04.05"]
[Round "2"]
[White "Pirola, Marcos"]
[Black "Contin, Daniel"]
[Result "0-1"]
[WhiteElo "2040"]
[BlackElo "2321"]
[PlyCount "60"]
[EventDate "2009.??.??"]
[SourceDate "2009.04.07"]

1. c4 e5 2. Nc3 Nf6 3. g3 d5 4. cxd5 Nxd5 5. Bg2 Nb6 6. Nf3 Nc6 7. d3 Be7 8.
O-O O-O 9. a3 Be6 10. b4 f6 11. Bb2 a5 12. b5 Na7 13. a4 c6 14. Nd2 Bb4 15.
bxc6 Nxc6 16. Nb5 Rf7 17. Nb3 Rd7 18. Qc2 Rc8 19. Qd1 Kh8 20. Ba3 Qf8 21. Nd2
f5 22. Qb1 e4 23. Rd1 Qf7 24. Bxb4 Nxb4 25. dxe4 Ba2 26. Qb2 Rc2 27. Qe5 Rcxd2
28. Rxd2 Rxd2 29. exf5 Qf6 30. Qb8+ Rd8 0-1

[Event "XL Mar del Plata International open"]
[Site "?"]
[Date "2009.04.05"]
[Round "2"]
[White "Calderon Fernandez, Gerbacio"]
[Black "Garcia Quiroga, Maximiliano"]
[Result "1-0"]
[WhiteElo "2302"]
[BlackElo "2038"]
[PlyCount "87"]
[EventDate "2009.??.??"]
[SourceDate "2009.04.07"]

1. d4 f5 2. g3 Nf6 3. Bg2 e6 4. Nh3 d5 5. O-O Bd6 6. c4 c6 7. b3 Qe7 8. Bf4
Nbd7 9. Bxd6 Qxd6 10. Nc3 b6 11. Qd3 a6 12. Rad1 Ne4 13. f3 Nxc3 14. Qxc3 Nf6
15. e4 fxe4 16. fxe4 dxe4 17. Ng5 O-O 18. Nxe4 Nxe4 19. Bxe4 Bd7 20. c5 Qc7 21.
Qd3 h6 22. Rxf8+ Rxf8 23. Qxa6 bxc5 24. dxc5 Qe5 25. Qc4 Be8 26. Qd4 Qg5 27.
Re1 h5 28. Bg2 Rf6 29. b4 Rh6 30. Qf4 Qe7 31. h4 Rg6 32. Qe5 Bd7 33. Qc7 Rg4
34. Rd1 Rxb4 35. Qxd7 Qxc5+ 36. Kh2 Qe5 37. Qd8+ Kh7 38. Qg5 Qxg5 39. hxg5 Kg6
40. Ra1 Kxg5 41. a4 Rb6 42. a5 Ra6 43. Bf1 Ra7 44. a6 1-0

[Event "XL Mar del Plata International open"]
[Site "?"]
[Date "2009.04.05"]
[Round "2"]
[White "Casares, Luis"]
[Black "Zamorano, Jorge"]
[Result "0-1"]
[WhiteElo "2035"]
[BlackElo "2247"]
[PlyCount "86"]
[EventDate "2009.??.??"]
[SourceDate "2009.04.07"]

1. e4 d6 2. d4 Nf6 3. Nc3 g6 4. f3 c6 5. Be3 Nbd7 6. Bc4 Bg7 7. Nge2 a5 8. a4
d5 9. exd5 Nb6 10. Bb3 Nbxd5 11. Nxd5 Nxd5 12. Bf2 O-O 13. Qd2 b5 14. O-O Be6
15. Rfe1 b4 16. Ng3 Nc7 17. Bxe6 Nxe6 18. Rad1 Qd5 19. Ne4 Rfd8 20. c3 Qb3 21.
Ra1 c5 22. Qd1 Qxd1 23. Raxd1 cxd4 24. cxd4 Nxd4 25. Nc5 Nc2 26. Rxd8+ Rxd8 27.
Rc1 Bxb2 28. Rxc2 Rd1+ 29. Be1 Rxe1+ 30. Kf2 Rb1 31. Ke3 Be5 32. g3 b3 33. Re2
b2 34. Nd3 Bf6 35. f4 Kf8 36. Ke4 Ke8 37. g4 Kd7 38. g5 Bg7 39. Ke3 Kd6 40. Ke4
f5+ 41. Ke3 Kd5 42. Nf2 Bd4+ 43. Kf3 Rf1 0-1

[Event "XL Mar del Plata International open"]
[Site "?"]
[Date "2009.04.05"]
[Round "2"]
[White "Epelboim, Matias"]
[Black "Di Muro, Matias"]
[Result "0-1"]
[WhiteElo "2028"]
[BlackElo "2231"]
[Annotator ",jmacosta"]
[PlyCount "56"]
[EventDate "2009.??.??"]
[SourceDate "2009.04.07"]

1. e4 c5 2. Nf3 d6 3. d4 cxd4 4. Nxd4 Nf6 5. Nc3 Nc6 6. Bc4 e6 7. Bb3 a6 8. O-O
Be7 9. Be3 O-O 10. f4 Qc7 11. Qf3 Bd7 12. Rae1 b5 13. a3 Na5 14. Qg3 Nc4 15.
Bxc4 Qxc4 16. e5 Nd5 17. Nxd5 Qxd5 18. Nf3 Rfc8 19. Rd1 Qe4 20. Rfe1 d5 21. c3
Qg6 22. Qxg6 hxg6 23. Nd4 a5 24. Rc1 Rc4 25. g4 Rac8 26. Red1 Bd8 27. Re1 Bb6
28. Red1 b4 {tiempo} 0-1

[Event "XL Mar del Plata International open"]
[Site "?"]
[Date "2009.04.05"]
[Round "2"]
[White "Mavrich, Demian"]
[Black "Ramis, Jorge Luis"]
[Result "1/2-1/2"]
[WhiteElo "2217"]
[BlackElo "2018"]
[PlyCount "137"]
[EventDate "2009.??.??"]
[SourceDate "2009.04.07"]

1. e4 e5 2. Nf3 Nc6 3. Bb5 a6 4. Ba4 Nf6 5. Qe2 b5 6. Bb3 d6 7. c3 Na5 8. Bc2
c5 9. d4 Qc7 10. h3 Be7 11. O-O O-O 12. Rd1 Bd7 13. d5 Nc4 14. Nbd2 Nb6 15. Nf1
Ne8 16. g4 g6 17. Ne3 Ng7 18. Kh2 Kh8 19. Rg1 c4 20. Bd2 f6 21. Rg2 Rf7 22.
Rag1 Raf8 23. Ne1 Bc8 24. Nd1 Nd7 25. Bh6 Nc5 26. Ne3 Rg8 27. Nf1 Ne8 28. Bc1
Bf8 29. Qe3 Bg7 30. Bd1 f5 31. gxf5 gxf5 32. Bh5 f4 33. Qe2 Re7 34. Bg4 Nf6 35.
f3 Bxg4 36. hxg4 Rf7 37. Rh1 h6 38. g5 hxg5 39. Kg1+ Nh7 40. Nh2 Bf8 41. Ng4
Rg6 42. Rgh2 Kg8 43. Rh5 Nf6 44. Rh8+ Kg7 45. Qh2 Nxg4 46. Rg8+ Kf6 47. Rxg6+
Kxg6 48. Qh5+ Kf6 49. Qxg4 Qd7 50. Qh5 Rg7 51. Kf1 Rg6 52. Rg1 Bg7 53. Rg4 Qd8
54. Bd2 Qh8 55. Qxh8 Bxh8 56. Nc2 Rh6 57. Nb4 Rh1+ 58. Rg1 Rh2 59. Rg2 Rh3 60.
Ke2 Bg7 61. Be1 a5 62. Nc6 Nd3 63. Nxa5 Rh1 64. Bf2 Nxb2 65. Nb7 Bf8 66. Nd8
Rb1 67. Ne6 Be7 68. Rxg5 Nd3 69. Rg8 1/2-1/2

[Event "XL Mar del Plata International open"]
[Site "?"]
[Date "2009.04.05"]
[Round "2"]
[White "Lovece, Ruth"]
[Black "Virgilito, Cristian"]
[Result "1-0"]
[WhiteElo "2016"]
[BlackElo "2216"]
[PlyCount "79"]
[EventDate "2009.??.??"]
[SourceDate "2009.04.07"]

1. e4 e5 2. Nf3 Nc6 3. Bb5 a6 4. Ba4 Nf6 5. O-O Nxe4 6. d4 b5 7. Bb3 d5 8. dxe5
Be6 9. c3 Be7 10. Nbd2 Nc5 11. Bc2 Bg4 12. Qe1 Ne6 13. b4 a5 14. Bd3 Qb8 15.
bxa5 Nc5 16. Be2 Rxa5 17. Nd4 Bd7 18. f4 Qa7 19. Qf2 Nxd4 20. cxd4 Ne6 21. Nb3
Rxa2 22. Be3 Qa4 23. Rxa2 Qxa2 24. Nc1 Qa3 25. f5 Bg5 26. Bd3 Bxe3 27. Qxe3 Nd8
28. e6 Bc6 29. exf7+ Kf8 30. f6 g5 31. Qxg5 Ne6 32. Qh6+ Kxf7 33. Bxh7 Rxh7 34.
Qxh7+ Kf8 35. f7 Qe3+ 36. Kh1 Qg5 37. Qh8+ Ke7 38. f8=Q+ Nxf8 39. Qxf8+ Kd7 40.
Qf5+ 1-0

[Event "XL Mar del Plata International open"]
[Site "?"]
[Date "2009.04.05"]
[Round "2"]
[White "Lopez Paz, Nestor"]
[Black "Tobares, Leandro"]
[Result "0-1"]
[WhiteElo "2010"]
[BlackElo "2216"]
[PlyCount "39"]
[EventDate "2009.??.??"]
[SourceDate "2009.04.07"]

1. d4 Nf6 2. Bf4 c5 3. c3 cxd4 4. Bxb8 Rxb8 5. Qxd4 b6 6. Nf3 g6 7. Nbd2 Bg7 8.
e4 Bb7 9. e5 Nd5 10. Bc4 Nc7 11. Qf4 O-O 12. O-O Ne6 13. Qg3 Qc7 14. Bb3 Ba6
15. Rfe1 Nc5 16. Bc2 Bd3 17. Bd1 Bf5 18. Nb3 Na4 19. Nfd4 Be6 20. Nb5 0-1

[Event "XL Mar del Plata International open"]
[Site "?"]
[Date "2009.04.05"]
[Round "2"]
[White "Alpern, Adrian"]
[Black "Dominguez, Diego"]
[Result "0-1"]
[WhiteElo "2179"]
[BlackElo "2002"]
[PlyCount "72"]
[EventDate "2009.??.??"]
[SourceDate "2009.04.08"]

1. e4 e6 2. d4 d5 3. e5 c5 4. c3 Qb6 5. Nf3 Bd7 6. Bd3 cxd4 7. cxd4 Bb5 8. Nc3
Bxd3 9. Qxd3 Bb4 10. O-O Bxc3 11. bxc3 Qa6 12. Qxa6 Nxa6 13. Rb1 b6 14. Ba3 Ne7
15. Rfc1 Rc8 16. Kf1 f6 17. Nd2 fxe5 18. dxe5 Nc5 19. c4 d4 20. Nf3 Ne4 21. Rb3
Nc6 22. Re1 Nc5 23. Rb5 Nd7 24. Bd6 h5 25. Rd1 Kf7 26. Nxd4 a6 27. Rb3 Ncxe5
28. Bxe5 Nxe5 29. Rxb6 Rhd8 30. Re1 Rxd4 31. Rxe5 Rdxc4 32. Rxa6 Rc1+ 33. Re1
R1c6 34. Rxc6 Rxc6 35. a4 Ke7 36. Re4 Kd6 0-1

[Event "XL Mar del Plata International open"]
[Site "?"]
[Date "2009.04.05"]
[Round "2"]
[White "Aguinaga, Maximiliano"]
[Black "Herrera, Martin"]
[Result "1/2-1/2"]
[WhiteElo "2002"]
[BlackElo "2178"]
[PlyCount "65"]
[EventDate "2009.??.??"]
[SourceDate "2009.04.08"]

1. d4 Nf6 2. Nf3 d5 3. c4 c6 4. Nc3 e6 5. Bg5 dxc4 6. e4 b5 7. e5 h6 8. Bh4 g5
9. Nxg5 hxg5 10. Bxg5 Nbd7 11. Qf3 Bb7 12. Be2 Qb6 13. Bxf6 Nxf6 14. Qxf6 Rh6
15. Qf4 O-O-O 16. Rd1 Rh7 17. Bf3 c5 18. d5 b4 19. Ne4 Bxd5 20. Ng5 Bxf3 21.
Rxd8+ Qxd8 22. Qxf3 Qxg5 23. Qa8+ Kd7 24. Qb7+ Kd8 25. Qb8+ Kd7 26. Qb7+ Ke8
27. Qc6+ Ke7 28. Qc7+ Ke8 29. Qc6+ Kd8 30. Qa8+ Kc7 31. Qxa7+ Kc6 32. Qa8+ Kb6
33. Qb8+ 1/2-1/2

[Event "XL Mar del Plata International open"]
[Site "?"]
[Date "2009.04.05"]
[Round "2"]
[White "Mavrich, Leandro Nicolas"]
[Black "Sosa, Ruben"]
[Result "1-0"]
[WhiteElo "2178"]
[BlackElo "1988"]
[PlyCount "59"]
[EventDate "2009.??.??"]
[SourceDate "2009.04.08"]

1. e4 e5 2. Nf3 Nc6 3. Bb5 Nf6 4. Qe2 a6 5. Ba4 b5 6. Bb3 h6 7. c3 Bc5 8. d4
exd4 9. e5 d3 10. Qxd3 Ng4 11. Bxf7+ Ke7 12. Bh5 Ngxe5 13. Nxe5 Nxe5 14. Qe4 d6
15. f4 Qf8 16. fxe5 Qf2+ 17. Kd1 d5 18. Qf3 Qh4 19. Qf7+ Kd8 20. Qxd5+ Bd6 21.
exd6 c6 22. Qf7 Ra7 23. Qxa7 Qxh5+ 24. Ke1 Qh4+ 25. Kd2 Qg5+ 26. Kc2 Qf5+ 27.
Kb3 Be6+ 28. Ka3 b4+ 29. cxb4 Qd3+ 30. Nc3 1-0